000 00394pam a2200145a 44500
008 230405s2018 xxu||||| |||| 00| 0 eng d
041 _aENG
100 _aPATIL MS
245 _aESSENCE OF HORTICULTURE
250 _aREV.2018 Ed.
260 _aNEW DELHI
_bNEW INDIA PUBLISING AGENCY
_c2018
300 _a639p.
440 _aBHARATI GRAHAK BHANDAR PUNE. B-4315, DT-23/10/2018
906 _a1993
999 _c290871
_d290871